Statistics for WWE Smackdown Tag Team Champions

Click here to take the quiz!

General Stats

  • This quiz has been taken 885 times
    (25 since last reset)
  • The average score is 30 of 40

Answer Stats

Title ReignsLast HeldChampion% Correct
12024Austin Theory
100%
12023Cody Rhodes
100%
22023Damian Priest
100%
22023Finn Balor
100%
52021Jey Uso
100%
12023Jey Uso
100%
52021Jimmy Uso
100%
12023Kevin Owens
100%
12023Sami Zayn
100%
12024Grayson Waller
89%
72020Kofi Kingston
89%
72020Xavier Woods
89%
12016Bray Wyatt
84%
12016Randy Orton
84%
12021Dominik Mysterio
79%
12021Rey Mysterio
79%
12016Chad Gable
74%
12018Harper
74%
12016Jason Jordan
74%
12016Rhyno
74%
12018Cesaro
68%
12019Dash Wilder
68%
12021Dolph Ziggler
68%
12016Heath Slater
68%
12019Rowan
68%
12018Rowan
68%
12019Scott Dawson
68%
12020Cesaro
63%
12019Daniel Bryan
63%
12021Robert Roode
63%
12018Sheamus
63%
12020The Miz
63%
12019The Miz
63%
12020Angelo Dawkins
58%
12020Montez Ford
58%
12019Jeff Hardy
53%
12019Matt Hardy
53%
12020John Morrison
47%
12019Shane McMahon
47%
12020Shinsuke Nakamura
47%

Score Distribution

Percentile by Number Answered

Percent of People with Each Score

Your Score History

You have not taken this quiz since the last reset